PRIMER CURSO DE CONTABILIDAD. (Registro nro. 3397)
[ vista simple ]
| 000 -LEADER | |
|---|---|
| fixed length control field | 00957nam a2200193 a 4500 |
| 001 - CONTROL NUMBER | |
| control field | 3397 |
| 005 - DATE AND TIME OF LATEST TRANSACTION | |
| control field | 20180713183330.0 |
| 008 - FIXED-LENGTH DATA ELEMENTS--GENERAL INFORMATION | |
| fixed length control field | 140415s1992 mx 000 0 spa d |
| 020 ## - INTERNATIONAL STANDARD BOOK NUMBER | |
| International Standard Book Number | 9682439973 |
| 041 ## - LANGUAGE CODE | |
| Language code of text/sound track or separate title | spa |
| 082 ## - DEWEY DECIMAL CLASSIFICATION NUMBER | |
| Classification number | 657.042 |
| Item number | LAR |
| 100 1# - MAIN ENTRY--PERSONAL NAME | |
| Personal name | Lara Flores, Elías,. |
| 245 10 - TITLE STATEMENT | |
| Title | PRIMER CURSO DE CONTABILIDAD. |
| 250 ## - EDITION STATEMENT | |
| Edition statement | 12ed. |
| 260 ## - PUBLICATION, DISTRIBUTION, ETC. | |
| Place of publication, distribution, etc. | MEXICO : |
| Name of publisher, distributor, etc. | TRILLAS, |
| Date of publication, distribution, etc. | 1992. |
| 300 ## - PHYSICAL DESCRIPTION | |
| Extent | 322 ; |
| Dimensions | x 20.5 x 27. |
| 520 ## - SUMMARY, ETC. | |
| Summary, etc. | LA PRESENTE OBRA ES LA RESPUESTA A LA EXITOSA DEMANDA QUE HA TENIDO ESTE TEXTO, EL CUAL SE HA CONVERTIDO EN UN RECURSO BIBLIOGRAFICO DE GRAN ACEPTACION ENTRE LOS ESTUDIANTES DE LA MATERIA, TANTO POR SU COTENIDO COMO POR EL DESARROLLO CLARO Y SENCILLO DE SUS TEMAS. LA ESTRUCCTURACION DE CADA UNO DE ELLOS EN FORMA DE LECION CON SUS RESPECTIVOS CUESTIONARIOS Y UNA SERIE DE EJERCICIOS, GARANTIZA AL ALUMNO LA PLENA COMPRENSION DE LOS PRINCIPIOS FUNDAMENTALES DE LA CONTABILIDAD. |
| 650 14 - SUBJECT ADDED ENTRY--TOPICAL TERM | |
| Topical term or geographic name entry element | CONTABILIDAD |
| Withdrawn status | Lost status | Source of classification or shelving scheme | Damaged status | Not for loan | Home library | Current library | Shelving location | Date acquired | Source of acquisition | Total Checkouts | Full call number | Barcode | Price effective from | Koha item type | Collection code | Inventory number | Date last seen | Date last checked out |
|---|---|---|---|---|---|---|---|---|---|---|---|---|---|---|---|---|---|---|
| Descarte | Dewey Decimal Classification | Biblioteca Karol Wojtyla | Biblioteca Karol Wojtyla | 03/12/2013 | Compra | 657.042 LAR | 20292 | 03/12/2013 | Libro | |||||||||
| Extraviado | Dewey Decimal Classification | Biblioteca Karol Wojtyla | Biblioteca Karol Wojtyla | 03/12/2013 | Compra | 657.042 LAR | 14439 | 03/12/2013 | Libro | |||||||||
| Extraviado | Dewey Decimal Classification | Biblioteca Karol Wojtyla | Biblioteca Karol Wojtyla | 03/12/2013 | Compra | 657.042 LAR | 20291 | 03/12/2013 | Libro | |||||||||
| Extraviado | Dewey Decimal Classification | Biblioteca Karol Wojtyla | Biblioteca Karol Wojtyla | 03/12/2013 | Compra | 657.042 LAR | 14691 | 03/12/2013 | Libro | |||||||||
| Dewey Decimal Classification | Biblioteca Karol Wojtyla | Biblioteca Karol Wojtyla | Sala general | 03/12/2013 | Compra | 2 | 657.042 LAR | 64529 | 03/12/2013 | Libro | General | 151000000000000000025189 | 05/01/2026 | 05/09/2019 | ||||
| Extraviado | Dewey Decimal Classification | Biblioteca Karol Wojtyla | Biblioteca Karol Wojtyla | 03/12/2013 | Compra | 657.042 LAR | 20290 | 03/12/2013 | Libro | |||||||||
| Extraviado | Dewey Decimal Classification | Biblioteca Karol Wojtyla | Biblioteca Karol Wojtyla | 03/12/2013 | Compra | 657.042 LAR | 43282 | 03/12/2013 | Libro |